|
|
|
|
| LEADER |
00000cam a2200000 7i4500 |
| 001 |
0000047797 |
| 005 |
20150525.0 |
| 008 |
150427 |
| 020 |
|
|
|a 9789679696127
|
| 090 |
0 |
0 |
|a 616.0277
|b ABD
|
| 100 |
1 |
|
|a Dr.Abdul Halim Abdul Jalil
|
| 245 |
1 |
0 |
|a Pengalaman saya dengan terapi sel hidup :
|b dimensi perubatan regeneratif
|c Dr.Abdul Halim Abdul Jalil
|
| 260 |
|
|
|a Selangor :
|b Betuah is resources ,
|c 2014
|
| 650 |
|
0 |
|a Cell transplantation.
|
| 650 |
|
0 |
|a Cellular therapy.
|
| 999 |
|
|
|a 0001311189
|b Book
|c Adult Collection
|e Cawangan Bandar Tenggara
|
| 999 |
|
|
|a 0001346721
|b Book
|c Adult Collection
|e Cawangan Bukit Gambir
|
| 999 |
|
|
|a 0001346722
|b Book
|c Adult Collection
|e Cawangan Sri Merlong
|
| 999 |
|
|
|a 0001346723
|b Book
|c Adult Collection
|e Cawangan Segamat
|
| 999 |
|
|
|a 0001346724
|b Book
|c Adult Collection
|e Cawangan Muar
|
| 999 |
|
|
|a 0001346725
|b Book
|c Adult Collection
|e Cawangan Bandar Tenggara
|
| 999 |
|
|
|a 0001346726
|b Book
|c Adult Collection
|e Cawangan Bandar Penawar
|
| 999 |
|
|
|a 0001346727
|b Book
|c Adult Collection
|e Cawangan Kota Tinggi
|
| 999 |
|
|
|a 0001346728
|b Book
|c Adult Collection
|e Cawangan Pontian
|
| 999 |
|
|
|a 0001346729
|b Book
|c Adult Collection
|e Cawangan Batu Pahat
|
| 999 |
|
|
|a 0001346730
|b Book
|c Adult Collection
|e Cawangan Taman Sri Lambak
|
| 999 |
|
|
|a 0001346731
|b Book
|c Adult Collection
|e Cawangan Tangkak
|
| 999 |
|
|
|a 0001346732
|b Book
|c Adult Collection
|e Cawangan Tmn. Ungku Tun Aminah
|
| 999 |
|
|
|a 0001346733
|b Book
|c Adult Collection
|e Cawangan Mersing
|
| 999 |
|
|
|a 0001347313
|b Book
|c Adult Collection
|e Perbadanan Perpustakaan Awam Johor
|
| 999 |
|
|
|a 0001347314
|b Book
|c Adult Collection
|e Cawangan Urban Transformation Centre
|
| 999 |
|
|
|a 0001347315
|b Book
|c Adult Collection
|e Cawangan AEON Kulaijaya
|